| 000 | 00535nam a22001937a 4500 | ||
|---|---|---|---|
| 003 | KOHA_MİRAKIL | ||
| 005 | 20250930142812.0 | ||
| 008 | 250930b tu ||||| |||| 00| 0 tur d | ||
| 020 | _a9789752410527 | ||
| 040 |
_aTR-AnABB _btur _cTR-AnABB |
||
| 041 | _atur | ||
| 082 |
_a823.8 _bWİL 2017 |
||
| 100 | 1 | _aWilde, Oscar, | |
| 245 | 1 | 0 |
_aHikayeler ve masallar / _cOscar Wilde |
| 260 |
_aAnkara : _bDoğu Batı Yayınları, _c2017 |
||
| 300 |
_a232 sayfa ; _c21 cm |
||
| 650 | 0 | 4 | _aİngiliz edebiyatı, roman |
| 942 |
_2ddc _cBK |
||
| 999 |
_c8976 _d8976 |
||
| 900 | _bGizem YORULMAZ | ||